Les capacités pokémon à plus de 100 de puissance (2022) - Statistiques

Statistiques générales
  • Ce quiz a été pris 128 fois
  • Le résultat moyen est 47 sur 115
Statistiques - réponses
Puis. Type de quiz Capacités % Correct
Feu Déflagration
87%
Normal Ultralaser
85%
Eau Hydrocanon
80%
Électrik Fatal-Foudre
76%
Combat Close Combat
74%
Dragon Draco-Météore
74%
250 Normal Explosion
72%
Sol Séisme
72%
110 Glace Blizzard
70%
Plante Lance-Soleil
67%
Vol Rapace
67%
Normal Giga Impact
65%
200 Normal Destruction
63%
Eau Hydroblast
63%
Feu Surchauffe
63%
Feu Feu Sacré
59%
Dragon Hurle-Temps
59%
Feu Boutefeu
57%
180 Feu Coup Victoire
57%
Combat Exploforce
57%
Roche Lame de Roc
57%
Feu Rafale Feu
57%
Dragon Spatio-Rift
57%
Plante Tempête Verte
57%
Dragon Colère
54%
Vol Piqué
52%
Spectre Revenant
52%
Plante Végé-Attak
52%
Poison Détricanon
50%
Vol Draco-Ascension
50%
Dragon Draco-Charge
50%
Électrik Élécanon
50%
Électrik Électacle
50%
Feu Flamme Croix
50%
Sol Lame Pangéenne
50%
Vol Vent Violent
48%
Normal Damoclès
46%
Électrik Éclair Croix
46%
Glace Éclair Gelé
46%
Feu Flamme Bleue
46%
Eau Onde Originelle
46%
Psy Frappe Psy
43%
Eau Giclédo
43%
Normal Jugement
43%
Plante Mégafouet
43%
Acier Métalaser
43%
Vol Aéroblast
41%
Électrik Charge Foudre
41%
Feu Feu d'Enfer
41%
Glace Feu Glacé
41%
125 Plante Lame Solaire
41%
Insecte Mégacorne
41%
Combat Pied Voltige
41%
Psy Prescience
41%
Roche Roc-Boulet
41%
Combat Surpuissance
41%
100 Acier Aegis Maxima
39%
Roche Fracass'Tête
39%
160 Dragon Laser Infinimax
39%
Plante Martobois
39%
Combat Mitra-Poing
39%
Combat Pied Sauté
39%
Dragon Canon Dynamax
37%
Feu Éruption
37%
150 Feu Caboche-Kaboum
35%
Normal Dernier Recours
35%
Acier Gladius Maximus
35%
Psy Laser Prisme
35%
Acier Vœu Destructeur
35%
140 Normal Bang Sonique
33%
130 Fée Canon Floral
33%
Feu Flamme Ultime
33%
Glace Lance de Glace
33%
Roche Laser Météore
33%
Fée Lumière du Néant
33%
Psy Psycho-Boost
33%
Feu Carapiège
30%
Combat Coup Croix
30%
Psy Dévorêve
30%
Glace Marteau de Glace
30%
Combat Marto-Poing
30%
Psy Photo-Geyser
30%
Acier Queue de Fer
30%
Spectre Rayon Spectral
30%
Psy Synchropeine
30%
Acier Choc Météore
28%
Poison Éructation
28%
Plante Fulmigraine
28%
Ténèbres Furie Dimension
28%
Eau Jet de Vapeur
28%
Combat Joute Astrale
28%
Feu Vortex-Magma
28%
Combat Dynamo-Poing
26%
Spectre Esprit Frappeur
26%
Normal Mania
26%
Normal Ultimawashi
26%
Dragon Vibrécaille
26%
Plante Danse Fleurs
24%
Dragon Draco-Énergie
24%
Feu Incendie
24%
Roche Orage Adamantin
22%
Normal Peignée
22%
120 Feu Ballon Brûlant
20%
Normal Coud'Krâne
20%
Spectre Éclat Spectral
20%
Acier Métalliroue
20%
Eau Pince-Masse
20%
Électrik Plasma Punch
20%
Normal Techno-Buster
20%
Dragon Sanction Suprême
17%
Normal Coup Varia-Type
15%
Électrik Roue Libre
15%
Vol Bec-Canon
13%
Normal Bombe Oeuf
2%
Combat Flying Press
2%
Aucun quiz correspondant
Distribution des résultats
% des personnes avec chaque résultat
Percentile par nombre de réponses
Votre historique - résultats
Vous n’avez pas pris ce quiz